Visualizzazione normale
Vista MARC
- Marchetti, Assunta,
di Personal Name
Records bibliografici associati: 2
001 - CONTROL NUMBER
- control field: 15864
003 - CONTROL NUMBER IDENTIFIER
- control field: IT-RoINE
005 - DATE AND TIME OF LATEST TRANSACTION
- control field: 20141230145723.0
008 - FIXED-LENGTH DATA ELEMENTS
- fixed length control field: 141230|| aca||aabn | a|a d
040 ## - CATALOGING SOURCE
- Original cataloging agency: IT-RoINE
- Transcribing agency: IT-RoINE
100 ## - HEADING--PERSONAL NAME
- Personal name: Marchetti, Assunta,
- Dates associated with a name: 1871-1948
670 ## - SOURCE DATA FOUND
- Source citation: Work cat.: (IT-RoINE): Beatificationis et canonizationis servae Dei Assumpae Marchetti :, 2004.